| 000 | 00657nam a2200205Ia 4500 | ||
|---|---|---|---|
| 003 | GCL | ||
| 008 | 140319s9999 xx 000 0 ara d | ||
| 040 |
_aGCL / _cGCL |
||
| 082 | 0 | 4 |
_a651.3741 _bب د |
| 100 | 1 | _aبازان، دوروثى | |
| 245 | 1 | 0 |
_aدليل النجاح فى السكرتاريا / _cبازان، دوروثى |
| 700 | 1 | _aبرويار، آن | |
| 700 | 1 | _aمحمد شيخو معمو | |
| 250 | _aالاولى | ||
| 260 |
_aالقاهرة : _bشعاع للنشر والعلوم ، _c2003 |
||
| 300 |
_a239 ص ؛ _c24 سم |
||
| 650 | 0 | 4 | _aالسكرتارية |
| 650 | 0 | 4 | _aالارشيف والمحفوظات |
| 942 |
_2ddc _cBK |
||
| 999 |
_c34780 _d34780 |
||